<?xml version="1.0" encoding="UTF-8"?>
<record
    xmlns:xsi="http://www.w3.org/2001/XMLSchema-instance"
    xsi:schemaLocation="http://www.loc.gov/MARC21/slim http://www.loc.gov/standards/marcxml/schema/MARC21slim.xsd"
    xmlns="http://www.loc.gov/MARC21/slim">

  <leader>00993nam a22002657a 4500</leader>
  <controlfield tag="003">OSt</controlfield>
  <controlfield tag="005">20240720090306.0</controlfield>
  <controlfield tag="008">240719b           ||||| |||| 00| 0 eng d</controlfield>
  <datafield tag="022" ind1=" " ind2=" ">
    <subfield code="a">09703896</subfield>
  </datafield>
  <datafield tag="040" ind1=" " ind2=" ">
    <subfield code="c">AIMIT LIBRARY</subfield>
  </datafield>
  <datafield tag="082" ind1=" " ind2=" ">
    <subfield code="a">658</subfield>
    <subfield code="b">MANR</subfield>
  </datafield>
  <datafield tag="110" ind1=" " ind2=" ">
    <subfield code="a">Indian Institute of management</subfield>
    <subfield code="9">173776</subfield>
  </datafield>
  <datafield tag="245" ind1=" " ind2=" ">
    <subfield code="a">IIMB Management review /</subfield>
    <subfield code="c">By Indian institute of management </subfield>
  </datafield>
  <datafield tag="260" ind1=" " ind2=" ">
    <subfield code="a">Bangalore :</subfield>
    <subfield code="b">Elsevier ,</subfield>
    <subfield code="c">2019.</subfield>
  </datafield>
  <datafield tag="300" ind1=" " ind2=" ">
    <subfield code="b">HB</subfield>
    <subfield code="c">27 cm.</subfield>
  </datafield>
  <datafield tag="440" ind1=" " ind2=" ">
    <subfield code="a">IIMB Management review </subfield>
    <subfield code="v">Vol.31 No.1-3/2019</subfield>
    <subfield code="9">173777</subfield>
  </datafield>
  <datafield tag="440" ind1=" " ind2=" ">
    <subfield code="v">Vol.27 No.1-4/2015,Vol.28 No.1-2&amp;4/2016,Vol.29 No.1-4/2017</subfield>
  </datafield>
  <datafield tag="440" ind1=" " ind2=" ">
    <subfield code="v">Vol.23 No.1-4/2011,Vol.24 No.2/2012</subfield>
  </datafield>
  <datafield tag="440" ind1=" " ind2=" ">
    <subfield code="v">Vol.24 No.3&amp;4/2012,Vol.25 No.1-4/2013</subfield>
  </datafield>
  <datafield tag="440" ind1=" " ind2=" ">
    <subfield code="v">Vol.26 No.1-4/2014</subfield>
  </datafield>
  <datafield tag="440" ind1=" " ind2=" ">
    <subfield code="v">Vol.30 No.1-4/2018</subfield>
  </datafield>
  <datafield tag="650" ind1=" " ind2=" ">
    <subfield code="a">Innovation and economic growth in european economic area countries:the granger causalityapproach</subfield>
    <subfield code="9">173778</subfield>
  </datafield>
  <datafield tag="650" ind1=" " ind2=" ">
    <subfield code="a">Classification for regulated industries: a new index</subfield>
    <subfield code="9">173779</subfield>
  </datafield>
  <datafield tag="942" ind1=" " ind2=" ">
    <subfield code="2">ddc</subfield>
    <subfield code="c">BV</subfield>
    <subfield code="k">658 MANR</subfield>
  </datafield>
  <datafield tag="999" ind1=" " ind2=" ">
    <subfield code="c">231474</subfield>
    <subfield code="d">231474</subfield>
  </datafield>
  <datafield tag="952" ind1=" " ind2=" ">
    <subfield code="0">0</subfield>
    <subfield code="1">0</subfield>
    <subfield code="2">ddc</subfield>
    <subfield code="4">0</subfield>
    <subfield code="7">0</subfield>
    <subfield code="8">MBA</subfield>
    <subfield code="a">AIMIT</subfield>
    <subfield code="b">AIMIT</subfield>
    <subfield code="c">BV</subfield>
    <subfield code="d">2024-07-19</subfield>
    <subfield code="h">Vol.31 No.1-3/2019</subfield>
    <subfield code="l">0</subfield>
    <subfield code="o">658 MANR</subfield>
    <subfield code="p">BVM1037</subfield>
    <subfield code="r">2024-07-19 00:00:00</subfield>
    <subfield code="w">2024-07-19</subfield>
    <subfield code="y">BV</subfield>
  </datafield>
  <datafield tag="952" ind1=" " ind2=" ">
    <subfield code="0">0</subfield>
    <subfield code="1">0</subfield>
    <subfield code="2">ddc</subfield>
    <subfield code="4">0</subfield>
    <subfield code="7">0</subfield>
    <subfield code="8">MBA</subfield>
    <subfield code="a">AIMIT</subfield>
    <subfield code="b">AIMIT</subfield>
    <subfield code="c">BV</subfield>
    <subfield code="d">2024-07-19</subfield>
    <subfield code="h">Vol.27 No.1-4/2015/Vol.28 No.1-2&amp;4/2016/Vol.29 No.1-4/2017</subfield>
    <subfield code="l">0</subfield>
    <subfield code="o">658 MANR</subfield>
    <subfield code="p">BVM939</subfield>
    <subfield code="r">2024-07-19 00:00:00</subfield>
    <subfield code="w">2024-07-19</subfield>
    <subfield code="y">BV</subfield>
  </datafield>
  <datafield tag="952" ind1=" " ind2=" ">
    <subfield code="0">0</subfield>
    <subfield code="1">0</subfield>
    <subfield code="2">ddc</subfield>
    <subfield code="4">0</subfield>
    <subfield code="7">0</subfield>
    <subfield code="8">MBA</subfield>
    <subfield code="a">AIMIT</subfield>
    <subfield code="b">AIMIT</subfield>
    <subfield code="c">BV</subfield>
    <subfield code="d">2024-07-19</subfield>
    <subfield code="h">Vol.23 No.1-4/2011/Vol.24 No.2/2012</subfield>
    <subfield code="l">0</subfield>
    <subfield code="o">658 MANR</subfield>
    <subfield code="p">BVM766</subfield>
    <subfield code="r">2024-07-20 00:00:00</subfield>
    <subfield code="w">2024-07-19</subfield>
    <subfield code="y">BV</subfield>
  </datafield>
  <datafield tag="952" ind1=" " ind2=" ">
    <subfield code="0">0</subfield>
    <subfield code="1">0</subfield>
    <subfield code="2">ddc</subfield>
    <subfield code="4">0</subfield>
    <subfield code="7">0</subfield>
    <subfield code="8">MBA</subfield>
    <subfield code="a">AIMIT</subfield>
    <subfield code="b">AIMIT</subfield>
    <subfield code="c">BV</subfield>
    <subfield code="d">2024-07-19</subfield>
    <subfield code="h">Vol.24 No.3&amp;4/2012,Vol.25 No.1-4/2013</subfield>
    <subfield code="l">0</subfield>
    <subfield code="o">658 MANR</subfield>
    <subfield code="p">BVM767</subfield>
    <subfield code="r">2024-07-20 00:00:00</subfield>
    <subfield code="w">2024-07-19</subfield>
    <subfield code="y">BV</subfield>
  </datafield>
  <datafield tag="952" ind1=" " ind2=" ">
    <subfield code="0">0</subfield>
    <subfield code="1">0</subfield>
    <subfield code="2">ddc</subfield>
    <subfield code="4">0</subfield>
    <subfield code="7">0</subfield>
    <subfield code="8">MBA</subfield>
    <subfield code="a">AIMIT</subfield>
    <subfield code="b">AIMIT</subfield>
    <subfield code="c">BV</subfield>
    <subfield code="d">2024-07-19</subfield>
    <subfield code="h">Vol.26 No.1-4/2014</subfield>
    <subfield code="l">0</subfield>
    <subfield code="o">658 MANR</subfield>
    <subfield code="p">BVM768</subfield>
    <subfield code="r">2024-07-20 00:00:00</subfield>
    <subfield code="w">2024-07-19</subfield>
    <subfield code="y">BV</subfield>
  </datafield>
  <datafield tag="952" ind1=" " ind2=" ">
    <subfield code="0">0</subfield>
    <subfield code="1">0</subfield>
    <subfield code="2">ddc</subfield>
    <subfield code="4">0</subfield>
    <subfield code="7">0</subfield>
    <subfield code="8">MBA</subfield>
    <subfield code="a">AIMIT</subfield>
    <subfield code="b">AIMIT</subfield>
    <subfield code="c">BV</subfield>
    <subfield code="d">2024-07-19</subfield>
    <subfield code="h">Vol.30 No.1-4/2018</subfield>
    <subfield code="l">0</subfield>
    <subfield code="o">658 MANR</subfield>
    <subfield code="p">BVM1116</subfield>
    <subfield code="r">2024-07-20 00:00:00</subfield>
    <subfield code="w">2024-07-19</subfield>
    <subfield code="y">BV</subfield>
  </datafield>
</record>
